Kraje nieposiadające sieci kolejowej - Statystyki

Ogólne statystyki
  • Ten quiz został rozwiązany 79 razy
    66 od ostatniego zresetowania
  • Średni wynik to 24 z 46
Statystyki odpowiedzi
Odpowiedź % Poprawnych
Andora
78%
Islandia
70%
San Marino
70%
Oman
68%
Katar
67%
Kuwejt
65%
Jemen
63%
Malta
63%
Seszele
62%
Gwinea Równikowa
60%
Haiti
60%
Zjednoczone Emiraty Arabskie
60%
Czad
58%
Bahrajn
57%
Malediwy
57%
Republika Zielonego Przylądka
57%
Tuvalu
57%
Mikronezja
55%
Brunei
53%
Cypr
53%
Niger
53%
Bhutan
52%
Rwanda
52%
Mauritius
50%
Somalia
50%
Vanuatu
50%
Wyspy Marshalla
50%
Gwinea Bissau
48%
Samoa
48%
Tonga
48%
Wyspy Salomona
48%
Bahamy
47%
Belize
47%
Burundi
47%
Gambia
47%
Gujana
47%
Timor Wschodni
47%
Komory
45%
Surinam
42%
Republika Środkowoafrykańska
40%
Liban
38%
Papua Nowa Gwinea
38%
Libia
37%
Trynidad i Tobago
37%
Sierra Leone
32%
Nikaragua
30%
Nie znaleziono quizów pasujących do podanych kryteriów
Rozkład punktacji
Procent ludzi z każdym wynikiem
Percentyl według liczby udzielonych odpowiedzi
Twoja historia wyników
Nie rozwiązałeś tego quizu od ostatniego zresetowania